Minnesota's 8th Congressional District Reps by Picture - Statistics

General Stats
  • This quiz has been taken 5 times
    3 since last reset
  • The average score is 5 of 11
Answer Stats
Picture Hint Answer % Correct
1975-2011 Jim Oberstar
100%
2019-Present Pete Stauber
100%
2011-2013 Chip Cravaack
67%
1947-1974 John Blatnik
67%
2013-2019 Rick Nolan
67%
1903-1909 J. Adam Bede
33%
1937-1939 John T. Bernard
33%
1929-1933 | 1935-1937 | 1939-1947 William Alvin Pittenger
33%
1919-1921 | 1925-1929 William Leighton Carss
33%
1909-1919 Clarence B. Miller
0%
1921-1925 Oscar Larson
0%
No matching quizzes found
Score Distribution
Percent of People with Each Score
Percentile by Number Answered
Your Score History
You have not taken this quiz since the last reset